000 00641nam a2200229Ia 4500
003 OSt
005 20220926011218.0
006 a|||||r|||| 00| 0
007 ta
008 220923b |||||||| |||| 00| 0 eng d
037 _cGeneral Book
040 _aRTL
_cRTL
_beng
041 _2eng
_aeng
082 _aW.6.N7, L6
100 _aPotholm Christian P
_9114739
245 0 _aTheory and practice African politics
260 _aNew Jersey
_bPrentice-Hall
_c1976
300 _axii, 307p
_ccm.
650 _aIndia Political System
942 _hW.6.N7, L6
_cGB
_2CC
999 _c619396
_d619396